| 000 | 00600ntaaa2200205 4500 | ||
|---|---|---|---|
| 003 | 01 | ||
| 005 | 20251027203217.0 | ||
| 008 | 0714s1973 ag 01 | ||
| 020 | _a848169102X | ||
| 040 |
_aAR-BaBN _bspa _cAR-BaBN _eaacr _dRIC |
||
| 082 | _a200.3 V66d | ||
| 100 |
_aVidal Manzanares, César _934041 |
||
| 245 |
_aDiccionario histórico del cristianismo / _cCésar Vidal Manzanares, |
||
| 250 | _a1 ed. | ||
| 260 |
_aNavarra : _bVerbo Divino, _c1999 |
||
| 300 | _a412 p. | ||
| 500 | _aBibliografía p. 359-371.índice general p. 373-412. | ||
| 650 |
_aCRISTIANISMO-DICCIONARIOS _934042 |
||
| 942 | _cBK | ||
| 999 |
_c27540 _d27540 |
||